| 000 | 00603nam a2200217Ia 4500 | ||
|---|---|---|---|
| 001 | 58402 | ||
| 005 | 20170422113400.0 | ||
| 008 | 140507s9999 xx 000 0 und d | ||
| 020 | _a9780748643981 | ||
| 040 | _cPK-LaUMT | ||
| 082 |
_aR 320.01 _bROB-I |
||
| 100 | _aRoberts, Peri | ||
| 245 | 3 |
_aAn introduction to political thought : _ba conceptual toolkit / _cPeri Roberts and Peter Sutch |
|
| 250 | _a2nd | ||
| 260 |
_aEdinburgh,UK: _bEdinburgh University Press, _c2012 |
||
| 300 | _a340 p. | ||
| 546 | _aEN | ||
| 650 | _aPolitical science-Terminology | ||
| 700 | _aSutch, Peter | ||
| 942 | _cBK | ||
| 999 |
_c55667 _d55667 |
||